000 01528nam2a22002411 4500
001 rc\249123
005 20250621063519.0
035 _a(NLR Aleph) 005627929
090 _a6549917
_c6549917
100 _a20030307d1990 |||y0rusy50 ca
101 0 _arus
102 _aRU
105 _ay |||||||||
200 0 _a№ 2
210 _d1990
_aБ. м.
215 _a18 с.
320 _aБиблиогр.: с. 17-18
461 0 _1001rc\249122
_12001#$aМЕТОДИЧЕСКОЕ письмо... по организации и ведению мониторинга экзогенных геологических процессов-стадии, последовательность, виды, содержание и конечные результаты работ$fМ-во геологии СССР, ВНИИ гидрогеологии и инж. геологии (ВСЕГИНГЕО)$g[Сост. В.С. Круподеров]$v№ 2
_96549910
_cМ.
_d1990
_fМ-во геологии СССР, ВНИИ гидрогеологии и инж. геологии (ВСЕГИНГЕО)
_nВСЕГИНГЕО
_tМЕТОДИЧЕСКОЕ письмо... по организации и ведению мониторинга экзогенных геологических процессов-стадии, последовательность, виды, содержание и конечные результаты работ
_v№ 2
801 0 _aRU
_bNLR
_gpsbo
801 1 _aRU
_bELAR
_2rusmarc
852 _aNLR
_j90-4/12243
942 _cBOOK
980 _aNB